Guess the Taylor Swift's song by the Bridge #5 - Statistics

General Stats
  • This quiz has been taken 3,350 times
    2,964 since last reset
  • The average score is 10 of 15
Answer Stats
Bridge Song % Correct
" My heart, my hips, my body, my love, tryna find a part of me that you didn't touch, gave up on me like I was a bad drug, now I'm searching for signs in a haunted club, our songs, our films, united we stand, our country, guess it was a lawless land, quiet my fears with the touch of your hand, paper cut stings from our paper-thin plans, my time, my wine, my spirit, my trust, tryna find a part of me you didn't take up, gave you so much, but it wasn't enough but I'll be alright, it's just a thousand cuts " Death by a Thousand Cuts - Lover
94%
" So step right out, there is no amount of crying I can do for you, all this time, we always walked a very thin line, you didn't even hear me out (You didn't even hear me out), you never gave a warning sign (I gave so many signs), all this time, I never learned to read your mind (Never learned to read my mind), I couldn't turn things around (You never turned things around), 'cause you never gave a warning sign (I gave so many signs), so many signs, so many signs, you didn't even see the signs " exile - folklore (ft. Bon Iver)
86%
" They're burning all the witches even if you aren't one, they got their pitchforks and proof, their receipts and reasons, they're burning all the witches even if you aren't one, so light me up (Light me up), light me up (Light me up), light me up, go ahead and light me up (Light me up), light me up (Light me up), light me up (Light me up), light me up (Light me up), light me up " I Did Something Bad - reputation
84%
" Good thing my daddy made me get a boating license when I was fifteen, and I've cleaned enough houses to know how to cover up a scene, good thing Este's sister's gonna swear she was with me (She was with me, dude) good thing his mistress took out a big life insurance policy " no body, no crime - evermore
82%
" And we see you over there on the internet, comparing all the girls who are killing it, but we figured you out, we all know now we all got crowns, (... .... .. .... ....) " You Need To Calm Down - Lover
82%
" They say she was seen on occasion, pacing the rocks, staring out at the midnight sea, and in a feud with her neighbor, she stole his dog and dyed it key lime green, fifty years is a long time, holiday house sat quietly on that beach, free of women with madness, their men and bad habits, and then it was bought by me " the last great american dynasty - folklore
81%
" I hit you like bang, we tried to forget it, but we just couldn't, and I bury hatchets, but I keep maps of where I put 'em, reputation precedes me, they told you I'm crazy, I swear I don't love the drama, it loves me, and I can't let you go, your handprints on my soul, it's like your eyes are liquor, it's like your body is gold, you've been callin' my bluff on all my usual tricks (Ooh), so here's the truth from my red lips (Ah) " End Game - reputation
80%
" They are the hunters, we are the foxes, and we run, ust grab my hand and don't ever drop it, my love " I Know Places - 1989
78%
" And it's hard to be at a party when I feel like an open wound, it's hard to be anywhere these days when all I want is you, you're a flashback in a film reel on the one screen in my town " this is me trying - folklore
67%
" He can't see the smile I'm faking, and my heart's not breaking, 'cause I'm not feeling anything at all, and you were wild and crazy, just so frustrating, intoxicating, complicated, got away by some mistake and now " The Way I Loved You (Taylor’s Version) - Fearless (Taylor's Version)
64%
"So I'll watch your life in pictures like I used to watch you sleep, and I feel you forget me like I used to feel you breathe, and I'll keep up with our old friends, just to ask them how you are, hope it's nice where you are, and I hope the sun shines and it's a beautiful day, and something reminds you, you wish you had stayed, you can plan for a change in the weather and time, but I never planned on you changing your mind" Last Kiss (Taylor's Version)- Speak Now (Taylor's Version)
61%
" You always knew how to push my buttons, you give me everything and nothing, this mad, mad love makes you come running, to stand back where you stood, (. .... ... ....), (. .... ... ....) " I Wish You Would - 1989
54%
" And we walked down the block to my car, and I almost brought him up, but you start to talk about the movies, that your family watches every single Christmas, and I want to talk about that, and for the first time, what's past is past " Begin Again - Red (Taylor's Version)
40%
" I can't make it go away by making you a villain, I guess it's the price I paid for seven years in Heaven, and I pulled your body into mine every goddamn night, now I get fake niceties, no one teaches you what to do when a good man hurts you, and you know you hurt him too " happiness - evermore
40%
" If I was standing there in your apartment, I'd take that bomb in your head and disarm it, I'd say I love you even at your darkest and please don't go " Forever Winter (Taylor’s Version) [From the Vault] - Red (Taylor's Version)
35%
No matching quizzes found
Score Distribution
Percent of People with Each Score
Percentile by Number Answered
Your Score History
You have not taken this quiz since the last reset